Od deficitu k prebytku - od izolácie ku konvertibilite

Guardado en:
Detalles Bibliográficos
Autor principal: Dolák, Štefan
Otros Autores: Troják, Jozef
Formato: Libro
Lenguaje:eslovaco
Publicado: Bratislava Alfa 1980
Edición:1. vyd.
Etiquetas: Agregar Etiqueta
Sin Etiquetas, Sea el primero en etiquetar este registro!

MARC

LEADER 00000nam a2200000 4500
001 c025694
005 20250530124534.8
041 0 |a slo 
044 |a SK 
245 1 0 |a Od deficitu k prebytku - od izolácie ku konvertibilite  |c Štefan Dolák, Jozef Troják 
250 |a 1. vyd. 
264 1 |a Bratislava  |b Alfa  |c 1980 
300 |a 140 s. 
100 1 |a Dolák, Štefan 
700 1 |a Troják, Jozef